| 000 | 01968cam a22004457a 4500 | ||
|---|---|---|---|
| 003 | CHAP | ||
| 005 | 20241112062703.0 | ||
| 008 | 980605d1997 mx a r 00110 spa d | ||
| 010 | _a75733 | ||
| 011 | _a76705 | ||
| 020 | _a9688844632 | ||
| 035 | _a86292 | ||
| 040 | _cCHAP | ||
| 082 | 0 | 4 |
_a634.425 _bR5 |
| 100 | 1 | 0 |
_aSchwentesius Rindermann, Rita _9103302 |
| 245 | 1 | 3 |
_aEl maracuyá-fruta de la pasión : _bsituación y tendencias de la producción y el comercio en México y en el mundo _c/por Rita Schwentesius Ríndermann y Manuel Angel Gómez Cruz |
| 260 |
_aChapingo, Méx. : _bUACH. Centro de Investigaciones Económicas, Sociales y Tecnológicas de la Agroindustria y la Agricultura Mundial, _c1997. |
||
| 300 |
_a245 p. : _bilus. ; cuadros |
||
| 410 | 2 | 1 | _aUACH. CIESTAAM |
| 490 | 0 | _aColección estructura y dinámica de los sistemas agroindustriales | |
| 504 | _abibliografía : p.p. 231-245 | ||
| 590 |
_aBATCH-UPD _b10 _c20130110 _lUCH01 _h1048 |
||
| 590 |
_aBATCH-UPD _b10 _c20130410 _lUCH01 _h0646 |
||
| 590 |
_aBATCH-UPD _b10 _c20130914 _lUCH01 _h1004 |
||
| 590 |
_aCONVERSION _b10 _c20130109 _lUCH01 _h1341 |
||
| 650 | 1 | 4 |
_aGranada china. _950324 |
| 650 | 1 | 4 |
_aGranada china _xMercadeo. _950328 |
| 650 | 1 | 4 |
_aGranada china _xRendimiento. _950332 |
| 700 | 1 |
_aGómez Cruz, Manuel Ángel _949661 |
|
| 810 | 0 | 1 |
_aUACh. CIESTAAM _9115844 |
| 830 | 0 |
_aColección estructura y dinámica de los sistemas agroindustriales _924851 |
|
| 901 | _aBK | ||
| 905 | _aLilia Sánchez G. | ||
| 942 | _cLIBRO | ||
| 949 |
_a634.425 R5 _bBC _cLIBRO _d33724000693941 _eLIBRO _fc. 3 _h93448 _i86292 _kDonaciØn _si |
||
| 949 |
_a634.425 R5 _bBC _cLIBRO _d33724000693958 _eLIBRO _fc. 4 _h93449 _i86292 _kDonaciØn _so |
||
| 949 |
_a634.425 R5 _bBC _cLIBRO _d33724000693966 _eLIBRO _fc. 2 _h93447 _i86292 _kDonaciØn _so |
||
| 949 |
_a634.425 R5 _bBC _cLIBRO _d33724000693974 _eLIBRO _h93446 _i86292 _kDonaciØn _si |
||
| 949 |
_a634.425 R5 _bBC _cUACH _d862925 _eUACH _fc. 5 _h93450 _i86292 _kDonaciØn _sb |
||
| 999 |
_c75733 _d75733 |
||